01193nam a2200301 a 4500001001200000003000800012006001900020007001500039008004100054010001700095020001800112020002700130040002100157035002100178050002500199082001700224100002700241245012700268260004400395300002300439504005100462533015200513650003700665655002900702710001700731856012600748999001700874ebr10606529CaPaEBRm u cr cn|||||||||120229s2012 gw a sb 001 0 eng d z 2012003367 z9783110240221 z9783110240238 (e-book) aCaPaEBRcCaPaEBR a(OCoLC)81604198714aTD449.5b.W67 2012eb04a628.1/642231 aWorch, Eckhard,d1951-10aAdsorption technology in water treatmenth[electronic resource] :bfundamentals, processes, and modeling /cEckhard Worch. aBerlin ;aBoston :bDe Gruyter,cc2012. aix, 332 p. :bill. aIncludes bibliographical references and index. aElectronic reproduction.bPalo Alto, Calif. :cebrary,d2011.nAvailable via World Wide Web.nAccess may be limited to ebrary affiliated libraries. 0aWaterxPurificationxAdsorption. 7aElectronic books.2local2 aebrary, Inc.40uhttp://site.ebrary.com/lib/rucke/Doc?id=10606529zAn electronic book accessible through the World Wide Web; click to view c97295d97295